All South American Capitals by Picture - Statistics

General Stats
  • This quiz has been taken 35 times
  • The average score is 9 of 13
Answer Stats
Picture Answer % Correct
Brasilia
96%
Santiago
88%
Buenos Aires
81%
Lima
77%
Bogota
73%
Quito
69%
Caracas
65%
Asuncion
58%
La Paz
58%
Montevideo
58%
Georgetown
54%
Sucre
54%
Paramaribo
50%
No matching quizzes found
Score Distribution
Percent of People with Each Score
Percentile by Number Answered
Your Score History
You have not taken this quiz